00224nam a2200073Ia 4500082000800000245002700008100007400035008004100109 aKON 0aManeuver in die herfs  a KONSALIK, Heinz G. (Heinz Gunther) Pretoria, 1993 Grootdrukuitg 210817s9999 xx 000 0 und d